000 00708nam a2200181 4500
008 170421b xxu||||| |||| 00| 0 eng d
020 _a0-205-13757-1
082 _21994
_aDC 302.1407
_bC15
100 _920066
_aCampbell, Pam, 1942-
245 _aImproving social competence :
_ba resource for elementary school teachers /
_cPam Campbell, Gary N. Siperstein
260 _aBoston :
_bAllyn and Bacon,
_cc1994.
300 _axxi, 275 pages :
_billustrations ;
_c28 cm.
500 _aIncludes bibliographical references and index.
650 0 _920067
_aSocial skills -- Study and teaching (Elementary)
650 0 _920068
_aSocial skills in children
700 _920069
_aSiperstein, Gary N
942 _2ddc
_cDC
999 _c6626
_d6626